00804nam a2200205 i 4500003000900000005001700009007000300026008004100029040003000070041000800100082001700108100005800125245007700183264004400260300002600304336002700330337003400357338002800391500017900419DO-SdBNP20260219090622.0ta260219b1994 dr ||||| |||| 00| 0 spa d aDO-SdBNPbspacBNPHUerda aspa 4axxxbxxx2221 aHenríquez Gratereaux, Federico,d1937-eautor4aut.10aNegros de mentira y blancos de verdad /cFederico Henríquez Gratereaux 1aSanto Domingo :bEditora Taller,c1994. a8 páginas ;c21 cm. atextobtxt2rdacontent asin mediación bn2rdamedia avolumenbnc2rdacarrier aObsequiado por el Club de Ejecutivos de Santo Domingo, Inc., con la anuencia del autor, como un aporte al fortalecimiento del amor a la patria dominicana. Directiva 1994-1996